000 00718nam a2200289Ia 4500
005 20260324114055.0
008 008 260324s9999 xx 000 0 eng d
020 _a9781003282266
037 _aEBOOK
040 _aCRL
040 _beng
040 _cCRL
041 _2eng
041 _aeng
084 _qCRL
100 _aJoan Kelly Hall; Yingliang He; Su Yin Khor
_91149325
245 4 _aThe Practical Nature of L2 Teaching
245 2 _bA Conversation Analytic Perspective
260 _bTaylor and Francis
260 _c2023
365 _a
365 _b230
856 _uhttp://www.taylorfrancis.com/books/9781003282266
942 _cEBOOK
999 _c1739312
_d1739312